[Event "Queenstown op"]
[Site "Queenstown"]
[Date "2006.01.18"]
[Round "4"]
[White "Bourmistrov, Denis"]
[Black "Wojnar, Maciej"]
[Result "0-1"]
[WhiteElo "2143"]
[BlackElo "1973"]
[PlyCount "94"]
[EventDate "2006.01.15"]
[EventType "swiss"]
[EventRounds "10"]
[EventCountry "NZL"]
[SourceTitle "CBM 110 Extra"]
[Source "ChessBase"]
[SourceDate "2006.03.10"]
[SourceVersion "2"]
[SourceVersionDate "2006.03.10"]
[SourceQuality "1"]

1. d4 Nf6 2. c4 e5 3. dxe5 Ng4 4. e4 Nxe5 5. Nc3 Bc5 6. Bf4 Nbc6 7. Be2 d6 8. Nf3 Be6 9. b3 Nxf3+ 10. Bxf3 Nd4 11. 0-0 Qf6 12. Bd2 Nxf3+ 13. Qxf3 Qxf3 14. gxf3 0-0-0 15. Rfe1 Kb8 16. Nd5 Bxd5 17. exd5 Bd4 18. Rad1 Bf6 19. Re4 Kc8 20. Be3 Kd7 21. Bd4 Bxd4 22. Rdxd4 Rde8 23. Rd2 Re7 24. Rde2 Rhe8 25. Kf1 f5 26. R4e3 c6 27. Ke1 cxd5 28. cxd5 Rxe3 29. fxe3 Re5 30. e4 fxe4 31. fxe4 Rh5 32. Kd2 Rh3 33. Rf2 Ke7 34. Ke2 g5 35. Kd2 a5 36. Ke2 h6 37. Kd2 Kd7 38. Ke2 Kc7 39. Kf1 Rh4 40. Re2 Kb6 41. Kg2 Kc5 42. e5 dxe5 43. Rxe5 Kd6 44. Rf5 Rf4 45. Rxf4 gxf4 46. Kf3 Kxd5 47. Kxf4 Kd4 0-1

[Event "Queenstown op"]
[Site "Queenstown"]
[Date "2006.01.15"]
[Round "1"]
[White "Rogers, Ian"]
[Black "Wojnar, Maciej"]
[Result "1-0"]
[WhiteElo "2556"]
[BlackElo "1973"]
[PlyCount "113"]
[EventDate "2006.01.15"]
[EventType "swiss"]
[EventRounds "10"]
[EventCountry "NZL"]
[SourceTitle "CBM 110 Extra"]
[Source "ChessBase"]
[SourceDate "2006.03.10"]
[SourceVersion "2"]
[SourceVersionDate "2006.03.10"]
[SourceQuality "1"]

1. d4 Nf6 2. c4 e5 3. dxe5 Ng4 4. Bf4 Nc6 5. Nf3 Bb4+ 6. Nbd2 Qe7 7. e3 Ngxe5 8. Nxe5 Nxe5 9. Be2 b6 10. 0-0 Bxd2 11. Qxd2 Bb7 12. Qc3 d6 13. c5 bxc5 14. Bxe5 Qxe5 15. Qxe5+ dxe5 16. Rfc1 0-0-0 17. Rxc5 Rd5 18. Rc2 Rhd8 19. Rac1 c6 20. Kf1 Rd2 21. Ke1 Rxc2 22. Rxc2 Kc7 23. h4 Bc8 24. b3 Be6 25. Bc4 Bf5 26. Rc3 f6 27. f3 Kb6 28. Ke2 e4 29. b4 Rd6 30. Bb3 exf3+ 31. gxf3 Be6 32. Bxe6 Rxe6 33. Rd3 Re7 34. e4 c5 35. bxc5+ Kxc5 36. Ke3 Kb4 37. f4 Kc5 38. Rd8 Kc6 39. Rh8 h6 40. Rd8 Kc5 41. h5 Kc6 42. Kf3 Kc5 43. Rd3 Kc4 44. Rd5 a6 45. Ke3 Rb7 46. Ra5 Rb6 47. e5 f5 48. Ra3 g5 49. hxg6 Rxg6 50. Kf3 h5 51. Re3 Kd5 52. Rd3+ Kc5 53. Rd2 h4 54. Rg2 Rh6 55. Re2 Kd5 56. Rd2+ Kc5 57. Kg2 1-0

[Event "NZL-ch Major op"]
[Site "Wanganui"]
[Date "2003.01.05"]
[Round "5"]
[White "Pakenham, John"]
[Black "Wojnar, Maciej"]
[Result "1-0"]
[WhiteElo "1692"]
[BlackElo "1958"]
[PlyCount "81"]
[EventDate "2003.01.??"]
[EventType "swiss"]
[EventRounds "11"]
[EventCountry "NZL"]
[SourceTitle "EXT 2005"]
[Source "ChessBase"]
[SourceDate "2004.11.15"]
[SourceVersion "1"]
[SourceVersionDate "2004.11.15"]
[SourceQuality "1"]

1. d4 Nf6 2. c4 e5 3. d5 Bc5 4. Nc3 d6 5. e4 0-0 6. h3 Nbd7 7. Bd3 a5 8. Nge2 Ba7 9. Nb5 Bb6 10. Ng3 Nc5 11. Bc2 Bd7 12. Be3 Bxb5 13. cxb5 Ncd7 14. Qd2 Bxe3 15. Qxe3 Nc5 16. 0-0 Nfd7 17. f4 exf4 18. Rxf4 Ne5 19. b3 Ncd7 20. Raf1 Ng6 21. R4f2 Nde5 22. a4 Qd7 23. Nf5 Ne7 24. Nd4 Rae8 25. Qg5 N7g6 26. Nf5 Qd8 27. Qd2 b6 28. Nd4 h6 29. Nc6 Nxc6 30. bxc6 Qg5 31. Qxg5 hxg5 32. g3 Ne5 33. Kg2 Kh7 34. Re1 Kg6 35. Rf5 Rh8 36. Ref1 Rh6 37. Rh1 Reh8 38. Bd1 Nd3 39. Rf3 Nc5 40. Bc2 g4 41. e5+ 1-0